| 000 | 02580nam0a2200445 4500 | ||
|---|---|---|---|
| 001 | RU\NLR\bibl\124150 | ||
| 005 | 20260407062214.0 | ||
| 010 |
_a5-89554-175-5 _9350 |
||
| 021 |
_aRU _b2000-33087 _91544 |
||
| 035 | _a(NLR Aleph) 000121594 | ||
| 090 |
_a692608 _c692608 |
||
| 100 | _a20001101d2000 |||y0rusy50 ca | ||
| 101 | 0 |
_arus _aeng |
|
| 102 | _aRU | ||
| 105 | _aa ||||||||| | ||
| 200 | 1 |
_aМатериалы 4-го научно-методического семинара "Программы сокращения отходов: разработка и внедрение", 24-25 февраля 2000 г., Москва _dMaterials of the 4 seminar "Waste reduction programs: development and implementation", February 24-25, 2000, Moscow _zeng |
|
| 210 |
_aМ. _cПервый печ. двор _d2000 |
||
| 215 |
_a104,94 с. _cил. _d20 |
||
| 300 | _aЗагл. обл. : Программы сокращения... | ||
| 300 | _aВ надзаг.: Моск. обществ. науч. фонд, Рос.-канад. проект сотрудничества по принятию решений в обл. охраны окружающей среды. Моск. компонент "Упр. твердыми бытовыми отходами в Моск. регионе" | ||
| 300 | _aТекст парал. на рус. и англ. яз. | ||
| 510 | 1 |
_6z01791 _aMaterials of the 4 seminar "Waste reduction programs: development and implementation", February 24-25, 2000, Moscow _zeng |
|
| 606 | 0 |
_aОтходы _jСъезды, совещания и т.п. _xИспользование _91145150 _3RU\NLR\auth\66137939 |
|
| 610 | 0 | _aПромышленные отходы - Использование | |
| 610 | 0 | _aОтбросы домовые - Обезвреживание и переработка | |
| 610 | 0 | _aОхрана окружающей среды | |
| 675 |
_a504.064.4 _v3 _zrus |
||
| 686 |
_a87 _2rugasnti |
||
| 686 |
_a20.18 _2rubbk |
||
| 686 | _aУ5-553.84я431 | ||
| 686 | _aУ28(0)-553.84я431 | ||
| 710 | 1 | 2 |
_a"Программы сокращения отходов: разработка и внедрение", науч.-метод. семинар _d4 _f2000 _eМосква _3RU\NLR\AUTH\8810029366 _9557296 |
| 791 | 1 | 2 |
_8eng _a"Waste reduction programs: development and implementation", seminar _d4 _f2000 _eMoscow _7ba _3RU\NLR\auth\8810029368 _9557300 |
| 801 | 0 |
_aRU _bRKP _c20001101 _gPSBO |
|
| 801 | 1 |
_aRU _bRKP _c20001101 |
|
| 801 | 2 |
_aRU _bNLR _c20010222 _grcr |
|
| 852 |
_aNLR _j2000-3/15862 |
||
| 942 | _cBOOK | ||
| 980 | _aNB | ||